| 000 | 00416nam a2200145Ia 4500 | ||
|---|---|---|---|
| 003 | GCL | ||
| 008 | 140319s9999 xx 000 0 ara d | ||
| 040 |
_aGCL / _cGCL |
||
| 082 | 0 | 4 |
_a818.07 _bم ك |
| 100 | 1 | _aمحمد سامى ابو عون | |
| 245 | 1 | 0 |
_aالكلام الممنوع فى الزمن الموجوع / _cمحمد سامى ابو عون |
| 260 |
_a[S.N] : _bيفرن |
||
| 300 | _a256 ص | ||
| 490 | _a | ||
| 999 |
_c39187 _d39187 |
||